Statistiques concernant Toutes les villes de Nauru :

Cliquez ici pour prendre le quiz!

Statistiques générales

  • Ce quiz a été pris 10 fois
  • Le résultat moyen est 4 sur 14

Statistiques - réponses

Hint Answer % Correct
14Yaren ( Capitale )
100%
10Ijuw
56%
2Anabar
33%
4Anibare
33%
6Boe
33%
5Baiti
22%
7Buada
22%
12Nibok
22%
13Uaboe
22%
1Aiwo
11%
3Anetan
11%
8Denigomodu
11%
9Ewa
11%
11Meneng
11%

Distribution des résultats

Percentile by Number Answered

% des personnes avec chaque résultat

Votre développement - résultats

Vous n’avez pas pris ce quiz